000 00272nam a2200121 4500
003 OSt
008 231108b |||||||| |||| 00| 0 eng d
041 _ahin
082 _a891.54
_bLAK/HA
100 _aSasthri, Lakshmiram
_95571
245 _aHmare samskar suthr
942 _cBK
999 _c17779
_d17779